गर्व:नाटक संग्रह/ (Record no. 208050)

MARC details
000 -LEADER
fixed length control field 00816nam a22001937a 4500
005 - DATE AND TIME OF LATEST TRANSACTION
control field 20250106171644.0
010 ## - LCCN (DPL NO)
LC control number HIN-129124
020 ## - INTERNATIONAL STANDARD BOOK NUMBER
International Standard Book Number 9788195206988
Terms of availability 450.00
035 ## - SYSTEM CONTROL NUMBER
System control number HN-101470
037 ## - SOURCE OF ACQUISITION
Source of stock number/acquisition DBAD
082 ## - DEWEY DECIMAL CLASSIFICATION NUMBER
Classification number 822
100 ## - MAIN ENTRY--PERSONAL NAME
Personal name वर्मा, हरिशरण
245 ## - TITLE STATEMENT
Title गर्व:नाटक संग्रह/
Statement of responsibility, etc हरिशरण वर्मा
250 ## - EDITION STATEMENT
Edition statement प्रथम
260 ## - PUBLICATION, DISTRIBUTION, ETC. (IMPRINT)
Place of publication, distribution, etc दिल्ली
Name of publisher, distributor, etc विनोद बुक हाउस
Date of publication, distribution, etc 2024
270 ## - ADDRESS
Address ए-55 /बी , दितीय तल गली नं .6 जगतपुरी एक्सटेंशन
City दिल्ली
Postal code 110093
Telephone number 9873620352
Electronic mail address vbhouse2018@gmail.com
300 ## - PHYSICAL DESCRIPTION
Extent 144पृ.
Dimensions 22सेमी(सजिल्द)
942 ## - ADDED ENTRY ELEMENTS (KOHA)
Source of classification or shelving scheme Dewey Decimal Classification
Item type Hindi Books
Classification part 822
Call number suffix वर्माह
Holdings
Withdrawn status Lost status Not for loan Collection code Home library Current library Date acquired Source of acquisition Cost, normal purchase price Full call number Barcode Copy number Cost, replacement price Koha item type
      Non-fiction Sarojini Nagar Sarojini Nagar 06/01/2025 DBAD 450.00 822 वर्माह HN-101470 1 450.00 Hindi Books

© Delhi Public Library
Hit Counter
free hit counter